000 00585cam a22002052 4500
001 0000001553
005 20151217155811.0
008 070315s xx 000 0 eng d
040 _aKABU
_cKABU
050 0 _aBV3625
_b.K4W75
100 1 _aWright, William Joseph.
_@0000150390
245 1 0 _aTheir excellenies.
260 _aLeicester :
_bEdgar Backus,
_c[19?].
300 _aix, 107 p.
600 1 0 _aWright, William Joseph.
_@0000150390
650 0 _aMissions
_zKenya.
_@0000150391
908 _a070315
950 _@1
999 _c12601
_d12601